| 000 | 00725nam a2200253 i 4500 | ||
|---|---|---|---|
| 001 | bg | ||
| 100 | 1 | _aKAŹMIERCZAK, Andrzej | |
| 245 | 1 | 0 |
_aPieniądz i bank w kapitalizmie : _bzarys problematyki / _cAndrzej Kaźmierczak. |
| 250 | _aWyd. 4. | ||
| 260 |
_aWarszawa : _bWydaw. Naukowe PWN, _c1997. |
||
| 300 |
_a227, [1] s. : _bwykr. ; _c21 cm. |
||
| 504 | _aBibliogr. s. 226. | ||
| 650 | 9 |
_aBanki _xkraje kapitalistyczne |
|
| 650 | 9 |
_aPieniądz _xpolityka |
|
| 650 | 9 |
_aPieniądz _xteoria |
|
| 655 | _aPodręczniki akademickie | ||
| 020 | _a830110807X | ||
| 040 | _cBPK | ||
| 041 | 0 | _apl | |
| 080 | _a336.71:336.74](075.8) | ||
| 920 | _a83-01-10807-X | ||
| 942 | _cKS | ||
| 008 | s pl f |000 0 pol | ||
| 999 |
_c31936 _d31936 |
||
| 856 |
_uhttp://koha.tu.koszalin.pl/cgi-bin/koha/opac-detail.pl?biblionumber=31936 _yKatalog online BPK |
||